A művészet és kreativitás szerepe a közösségi identitás és kohézió építésében
| Szerző: | |
|---|---|
| További közreműködők: | |
| Dokumentumtípus: | Diplomadolgozat |
| Kulcsszavak: | közösségi alkotás közösségi identitás kreativitás művészetek társadalmi kohézió |
| Online Access: | http://dolgozattar.uni-bge.hu/59552 |
MARC
| LEADER | 00000nta a2200000 i 4500 | ||
|---|---|---|---|
| 001 | dolg59552 | ||
| 005 | 20260409145224.0 | ||
| 008 | 260409suuuu hu om 000 hun d | ||
| 040 | |a BGE Dolgozattár Repozitórium |b hun | ||
| 041 | |a hu | ||
| 100 | 1 | |a Borbély Dóra | |
| 245 | 1 | 2 | |a A művészet és kreativitás szerepe a közösségi identitás és kohézió építésében |c Borbély Dóra |h [elektronikus dokumentum] |
| 520 | 3 | |a A szakdolgozatom témája a művészet és kreativitás egyénekre és közösségekre gyakorolt hatását vizsgálja, kiemelve az alkotás örömét és annak fontosságát a közösségi életben. Dolgozatomban áttekintettem közösségfejlesztés, a közösségi művészetek és a művészetterápia elméleti hátterét, kiemelve a kreatív tevékenységek személyiség- és közösségformáló hatását. Saját kutatásként kérdőíves felmérést és félig strukturált interjúkat végeztem, amelyek eredményei rávilágítottak arra, hogy a közös művészeti tevékenységek elősegítik az önkifejezést, csökkentik a stresszt, erősítik a társadalmi kohéziót, és hozzájárulnak a közösségi identitás kialakulásához. A kutatásom eredményei alátámasztják, hogy a művészet nem csupán esztétikai élmény, hanem fontos társadalmi eszköz is a kapcsolatteremtés, a társadalmi különbségek csökkentése és az egyéni fejlődés támogatása terén. A szakirodalmi áttekintés és saját kutatás eredményei alapján javaslatokat is megfogalmaztam a közösségi művészeti programok elérhetőségének bővítésére és szerepének erősítésére a társadalmi integráció előmozdítása érdekében. | |
| 695 | |a közösségi alkotás | ||
| 695 | |a közösségi identitás | ||
| 695 | |a kreativitás | ||
| 695 | |a művészetek | ||
| 695 | |a társadalmi kohézió | ||
| 700 | 1 | |a Petõ Lilla |e ths | |
| 856 | 4 | 0 | |u http://dolgozattar.uni-bge.hu/59552/1/Borbe%CC%81ly_Do%CC%81ra_Szakdolgozat.pdf |z Dokumentum-elérés |
| 856 | 4 | 0 | |u http://dolgozattar.uni-bge.hu/59552/2/Borb%C3%A9lyD%C3%B3ra.pdf |z Dokumentum-elérés |
| 856 | 4 | 0 | |u http://dolgozattar.uni-bge.hu/59552/3/Borb%C3%A9ly_D%C3%B3ra_KSZ_szok%C3%A1cskinga.pdf |z Dokumentum-elérés |